10 Worst Songs of the '90s - Statistics

General Stats
  • This quiz has been taken 784 times
  • The average score is 7 of 10
Answer Stats
Hint Answer % Correct
Vanilla Ice Ice Ice Baby
95%
Aqua Barbie Girl
85%
Celine Dion My Heart Will Go On
82%
Hanson MMMBop
75%
Los Del Rios Macarena
71%
Billy Ray Cyrus Achy Breaky Heart
70%
Baha Men Who Let the Dogs Out?
69%
Right Said Fred I'm Too Sexy
67%
Chumbawamba Tubthumping
67%
4 Non Blondes What's Up?
52%
No matching quizzes found
Score Distribution
Percent of People with Each Score
Percentile by Number Answered
Your Score History
You have not taken this quiz